Narraciones extraordinarias

Saved in:
Bibliografiske detaljer
Hovedforfatter: Poe, Edgar Allan (Author)
Format: Bog
Sprog:spansk
Udgivet: Santiago Ercilla 1987
Serier:Biblioteca de Oro Del Estudiante,8
Fag:
Tags: Tilføj Tag
Ingen Tags, Vær først til at tagge denne postø!

MARC

LEADER 00000nam a2200000 a 4500
001 UCH4367
003 CL-VaPUC
008 090818e19870000CL |||||||||||||||||spa|d
082 0 4 |a 813  |b POE  |2 21 
100 |a Poe, Edgar Allan  |e author  |9 313715 
245 1 0 |a Narraciones extraordinarias 
300 |a 173 p 
942 |c BK 
945 |d 20090818 00:00:00  |a lazolas 
260 |a Santiago  |b Ercilla  |c 1987 
650 0 |a Cuentos estadounidenses  |9 265133 
583 |a last modification  |c 20090818 00:00:00  |k Rodrigo Vera 
490 0 |a Biblioteca de Oro Del Estudiante,8 
999 |c 335691  |d 335689